Hegels lehre vom schluss /

Guardado en:
Autor Principal: Perez Paoli, Ubaldo R.
Formato: Libro
Publicado: Santa Fe : Technischen Universitat Carolo-wilhelmina Zu Braunschweig, 1977
Materias:
Etiquetas: Agregar Etiqueta
Sin Etiquetas, Sea el primero en etiquetar este registro!
LEADER 00604nam a22001935a 4500
001 EHU.bham028039
003 AR-BHAM
005 20110518104636.0
008 130507s1977##################000#0#####d
082 1 9 |a 193.07 
100 1 |a Perez Paoli, Ubaldo R. 
245 1 0 |a Hegels lehre vom schluss /  |c Ubaldo R. Perez Paoli , , 
260 |a Santa Fe :  |b Technischen Universitat Carolo-wilhelmina Zu Braunschweig,  |c 1977 
300 |a 211 p. 
500 |a Tesis doctoral 
653 |a Hegel 
653 |a Filosofia alemana-estudios 
653 |a Tesis 
859 |a AR-BHAM  |b BIB. HUMANIDADES - General  |h 193.07  |i P415-1  |p 40.05  |t Ej.1